Políticas fiscales para reducir la pobreza: escenarios 2007-2010 para debatir y buscar acuerdos /

El presente trabajo tiene como objetivo inducir a la sociedad ecuatoriana y aspirantes a gobernar el Estado, a definir opciones sobre un programa fiscal sostenible en los próximos cuatro años, a mirar el largo plazo, a encontrar acuerdos para la forja de otro Ecuador. Se aspira hacia la valoración c...

Popoln opis

Shranjeno v:
Bibliografske podrobnosti
Glavni avtor: Carrera Cárdenas, Jaime
Korporativna značnica: Observatorio de la Política Fiscal
Format: Texto
Jezik:Spanish
Izdano: Ecuador : Observatorio de la Política Fiscal 2006
Teme:
Oznake: Označite
Brez oznak, prvi označite!

MARC

LEADER 00000 a a2200000 04500
001 38652
003 cru CIDCACS/IIS
005 20230530131535.0
008 230530e2006 ec ||||| |||| 00| 0 spa d
040 |c CRAI/IIS 
090 |a 03.02.05 O14o  
100 |a Carrera Cárdenas, Jaime  
110 |a Observatorio de la Política Fiscal  
245 |a Políticas fiscales para reducir la pobreza: escenarios 2007-2010 para debatir y buscar acuerdos /  |c Jaime Carrera Cárdenas  
260 |a Ecuador :   |b Observatorio de la Política Fiscal   |c 2006 
300 |a 58 páginas 
520 |a El presente trabajo tiene como objetivo inducir a la sociedad ecuatoriana y aspirantes a gobernar el Estado, a definir opciones sobre un programa fiscal sostenible en los próximos cuatro años, a mirar el largo plazo, a encontrar acuerdos para la forja de otro Ecuador. Se aspira hacia la valoración colectiva de entender que la superación de la pobreza asociada al crecimiento económico con equidad es una labor de muchos años, sustentada en perseverar en la responsabilidad fiscal y en profundas reformas que inevitablemente se deben enfrentar. Se propone que una mayor y sostenida asignación de recursos para gasto social e inversión no serán suficientes para reducir la pobreza, si la gestión pública no es más eficiente y eficaz  
650 |a POLITICA FISCAL  
650 |a ALIVIO DE L APOBREZA  
650 |a ECUADOR  
650 |a METAS ECONOMICAS Y FISCALES  
650 |a METAS SOCIALES  
650 |a PRESUPUESTO GOBIERNO CENTRAL  
650 |a SUBSIDIOS DEL PETROLEO  
942 |2 ddc  |c LI  |h 03.02.05 O14o   |i 04227  |6 030205_O14O_04227 
999 |c 7958  |d 7958